Welcome to CU Library Online Public Access Catalogue (OPAC)

Introduction to marketing; (Record no. 3775)

MARC details
000 -LEADER
fixed length control field 00422nam a22001457a 4500
005 - DATE AND TIME OF LATEST TRANSACTION
control field 20250210104609.0
008 - FIXED-LENGTH DATA ELEMENTS--GENERAL INFORMATION
fixed length control field 250210b |||||||| |||| 00| 0 eng d
020 ## - INTERNATIONAL STANDARD BOOK NUMBER
International Standard Book Number 9988788134
050 ## - LIBRARY OF CONGRESS CALL NUMBER
Classification number HG1616
Item number .M3 OFO
100 ## - MAIN ENTRY--PERSONAL NAME
Personal name Ofosu, Monica-Djamerah
245 ## - TITLE STATEMENT
Title Introduction to marketing;
Remainder of title bankers workbook series
260 ## - PUBLICATION, DISTRIBUTION, ETC.
Place of publication, distribution, etc. Accra
Name of publisher, distributor, etc. The Chartered Institute of Bankers
Date of publication, distribution, etc. c1999
300 ## - PHYSICAL DESCRIPTION
Extent 156p;
Other physical details ill.;
942 ## - ADDED ENTRY ELEMENTS (KOHA)
Source of classification or shelving scheme Library of Congress Classification
Koha item type Books
Suppress in OPAC No
999 ## -
-- 3775
-- 3775
Holdings
Withdrawn status Lost status Source of classification or shelving scheme Damaged status Not for loan Collection Home library Current library Shelving location Date acquired Total checkouts Full call number Barcode Date last seen Copy number Price effective from Koha item type
    Library of Congress Classification     Non-fiction Undergraduate Library (Christ Temple) Undergraduate Library (Christ Temple) General stacks 02/10/2025   HG1616.M3 OFO ulct00001127 02/10/2025 1 02/10/2025 Books
© 2023-2024 Copyright: Central University Libraries. All Rights Reserved | Created by: Mahone Tech Office